01873nam a22002177a 450000500170000000800410001702000180005804100080007608200130008410000260009724500130012326000180013630000070015436500190016152012360018065000160141670000300143294200070146299900190146995201670148820250409105929.0250329b |||||||| |||| 00| 0 eng d a9783836505833 aEng a700bMAR aMartin Sylvia9211792 aFuturism bTaschenc2022 a95 b1359.00cRs,00 a• Art = Action + Life = Futurism • Giacomo Balla - Dynamism of a Dog on a Leash Girl Crossing a Balcony Mercury Transits the Sun, seen through a telescope Long Live Italy • Giacomo Balla et. al. - Futurist Life • Umberto Boccioni - The City Rises The Street Penetrates the House Dynamism of a Soccer Player Unique Forms of Continuity in Space • Anton Giulio Bragaglia - Hand in Motion • Carlo Carra - Funeral of the Anarchist Galli Rhythms of Objects Interventionist Demonstration • Tullio Crali - Air Battle I • Fortunato Depero - Bird’s Movement Construction of a Little Girl Mechanics of Dancers • Gerardo Dottori - The Miracle of Light • Leonardo Dudreville - Expansion of the Lyrical • Virgilio Marchi - Draft for a Building • Filippo Tommaso Marinetti – Elegant Speed – Liberated Words(1st record) • Enrico Prampolini - Tarantellla F.T. Marinetti • Luigi Russolo - Music The Revolt Pictorial Dynamism of the Simultaneous Movements of a Lady • Antonio Sant’Elia - Electric Power Plant • Gino Severini - Blue Dancer Self Portrait Spherical Expansion of Light into Space Red Cross Train Passing through a Town • Mario Sironi - Aeroplane • Ardengo Soffici - Composition with Lacerba  aArt9119074 aGrosenick Uta Ed.9211789 cBK c365824d365824 00102ddc4070aSOFTbSOFTd2025-03-27eDesign Book Studiog1359.00i540l1o700 MARpSOFT-BK-4387r2025-06-12 00:00:00s2025-06-12t25%v1812.00w2025-03-18yBK